000
00205 a2200097 4500
001
12947
100
_a
Muhammad Saeed Sheikh
245
_a
Kafara Afsana
260
_a
_b
Sanga meel
_c
090
_c
9943
_d
9943
942
_a
NUST-CAE
_c
M
_c
36870
999
_c
248020
_d
248020